000 00778nam a2200217Ii 4500
003 JO-AjNU
008 230605s9999||||xx |||||||||||||| ||und||
017 _a2009/5/1886
020 _a978-9957-33-183-2
040 _aJO-AjNU
_bara
_erda
_cJO-AjNU
041 _aara
050 1 4 _aTK7887.Q23 2010
100 3 _aقطاش ، عبدالحفيظ ابراهيم ,
_eauthor
_927637
245 0 0 _aمشاكل وحلول جهاز الكمبيوتر PC: دراسة حدبثة لمشاكل وحلول جهاز الكمبيوتر
264 3 1 _aعمان:مؤسسة الوراق ،2010
300 _a248ص
336 _atext
_btxt
_2rdacontent
337 _aunmediated
_bn
_2rdamedia
338 _avolume
_bnc
_2rdacarrier
650 4 _aصياتة الحاسوب-الحواسيب
_927638
999 _aA10625
_c14193
_d14193